Dvojičky výber z publikačnej tvorby Ivana Gajdičiara a PaedDr. Jaroslava Veličku

Bibliographic Details
Other Authors: Ďurná, Scarlett, 1953- (Compiler), Marec, Jozef, 1958- (Compiler)
Format: Book
Language:Slovak
PhysicalDescription:40 s. fotogr. 21 cm
Published: Čadca Kysucká knižnica 2004
ISBN:(brož.)
Edition:[1. vyd.]
Subjects:

MARC

LEADER 00000nam a22000005a 4500
001 vtls008187277
003 SK-MaSNL
005 20260331204634.0
008 050801s2004 xo r 000 0 slo
015 |a SNBSAB2005-00010 
020 |a (brož.) 
040 |a SNK  |b slo  |c SNK  |e AACR2 
072 7 |a 792  |x Divadlo. Javiskové umenie. Dramatické predstavenia  |2 konspekt 
080 |a 82:929:908.437.6:39-051:012  |2 snkbubb 
080 |a a 929 Velička, Jaroslav  |2 snkbubb 
080 |a 908.437.6  |2 snkbubb 
080 |a 39-051  |2 snkbubb 
080 |a 012  |2 snkbubb 
080 |a 82:929:792.07:364.46:012  |2 snkbubb 
080 |a 929 Gajdičiar, Ivan  |2 snkbubb 
080 |a 792.07  |2 snkbubb 
080 |a 364.46  |2 snkbubb 
100 1 |a Ďurná, Scarlett,  |d 1953-  |4 com  |9 102936 
245 1 0 |a Dvojičky  |b výber z publikačnej tvorby Ivana Gajdičiara a PaedDr. Jaroslava Veličku  |c [zostavili: Scarlett Ďurná, Marec Jozef ; zodp. red.: Janka Mudríková] 
250 |a [1. vyd.] 
260 |a Čadca  |b Kysucká knižnica  |c 2004 
300 |a 40 s.  |b fotogr.  |c 21 cm 
504 |a Usporiadanie temat.- chronolog. 241 zázn. o čl. a kn. v slov. 
600 1 7 |a Velička, Jaroslav  |d 1944-  |x personálne bibliografie  |2 snkbubb  |9 739248 
600 1 7 |a Gajdičiar, Ivan  |d 1944-  |x personálne bibliografie  |2 snkbubb  |9 739249 
655 7 |a biografické údaje  |2 snkbubb  |9 289197 
655 7 |a personálne bibliografie  |2 snkbubb  |9 70198 
655 7 |a samostatné bibliografie  |2 snkbubb  |9 300643 
700 1 |a Marec, Jozef,  |d 1958-  |4 com  |9 101103 
700 1 |a Mudríková, Janka,  |d 1962-  |4 lso  |9 229681 
710 2 |a Kysucká knižnica (Čadca, Slovensko)  |4 pbl  |9 32741 
958 |a OND 
999 |c 1163575  |d 1165505 
952 |a SNK  |b SNK  |y PREZ  |7 0  |p 17A0480265  |o snkSC 120901  |i snk2005/13456  |8 0  |0 0  |1 0  |4 0  |d 2005-08-01  |l 0  |r 2025-05-30 00:00:00  |w 2026-02-24 
952 |a SNK  |b SNK  |y VYP  |7 0  |p 17A0480264  |o snkSC 120901 D1  |i snk2005/13457  |8 0  |0 0  |1 0  |4 0  |d 2005-08-01  |l 0  |r 2026-02-24 20:40:44  |w 2026-02-24